| 000 | 00979nam a2200241 a 4500 | ||
|---|---|---|---|
| 003 | BD-DhJNU | ||
| 005 | 20251211040628.0 | ||
| 008 | 251108s2017 bg |||g |||| 000 1|ben|d | ||
| 020 | _a9789848795057 | ||
| 040 |
_aBD-DhJNU _bben _cBD-DhJNU _dBD-DhJNU |
||
| 041 | _aben | ||
| 082 |
_a891.441 DAN _223 |
||
| 100 | _aদাশ, তুষার | ||
| 245 | 1 | 0 |
_aনিঃশব্দ বজ্র : _b আহসান হাবীব-এর কবিতা / _cতুষার দাশ |
| 246 | _aNishabda Bajra : Ahsan Habib-er Kobita | ||
| 250 | _a1st ed. | ||
| 260 |
_aঢাকা : _bপ্রতীক প্রকাশনা সংস্থা, _c2017. |
||
| 300 |
_a১৪৮ পৃ. : _bচিত্র ; _c২১ সেমি.। |
||
| 504 | _aগ্রন্থপঞ্জিগত নির্দেশিকা ও নিঘন্ট অন্তভূক্ত | ||
| 650 | _aবাংলা কবিতা | ||
| 650 | _aBengali poetry | ||
| 942 | _cBK | ||
| 999 |
_c2420 _d2420 |
||